00854 a2200181 45000010006000000050017000060080041000230030015000640400040000790800033001192450053001520200018002052640031002233000019002545050266002731000030005398560103005691517820260407155449.0260407a2000 arg spa dAR-UNSa-BCEJYS aAR-UNSa-BCEJYSbspacAR-UNSa-BCEJYS a658.011.56xAutomatización10aeChangepel lado humano de la economía digital a84-7577-785-6 1aBarcelona :bGranicac2000 a333 p.c22 cm. a1. Hasta no hace mucho tiempo, esto era ciencia ficción - 2. Las personas y el momento de la verdad - 3. Aprender a velocidad máxima - 4. Qué no cambia en materia de cambio - 5. Comunicarse para cambiar - 6. Errores del pasado, experiencias para el futuro1 aAlvarez Roldán, Roberto41uhttps://biblioeco.unsa.edu.ar/pmb/images/libros/Echange-l118997.jpgyImagen de portadaqimage/jpeg